Defensa de Epicuro contra la común opinión
সংরক্ষণ করুন:
| প্রধান লেখক: | , |
|---|---|
| বিন্যাস: | গ্রন্থ |
| ভাষা: | স্প্যানিশ |
| প্রকাশিত: |
Madrid
Tecnos
1986
|
| মালা: | Clásicos del pensamiento, 15
|
| বিষয়গুলি: | |
| ট্যাগগুলো: |
ট্যাগ যুক্ত করুন
কোনো ট্যাগ নেই, প্রথমজন হিসাবে ট্যাগ করুন!
|
MARC
| LEADER | 00000nam a2200000 a 4500 | ||
|---|---|---|---|
| 001 | UCW9183 | ||
| 003 | CL-VaPUC | ||
| 008 | 881215e19860000SP |||||||||||||||||spa|d | ||
| 082 | 0 | 4 | |a 187 |b QUE |2 21 |
| 100 | 0 | |a Quevedo, Francisco de |e author |9 254892 | |
| 700 | 0 | |a Acosta Méndez, Eduardo |e author |9 314340 | |
| 245 | 1 | 0 | |a Defensa de Epicuro contra la común opinión |
| 300 | |a 63 p | ||
| 942 | |c BK | ||
| 945 | |d 19881215 00:00:00 | ||
| 260 | |a Madrid |b Tecnos |c 1986 | ||
| 600 | 0 | 7 | |a QUEVEDO, FRANCISCO DE |2 CL-VaPUC |9 254892 |
| 600 | 0 | |a Epicuro |e autor |9 314341 | |
| 650 | 0 | |a Filosofía de la literatura |9 267374 | |
| 650 | 0 | |a Teoría del conocimiento |9 255038 | |
| 650 | 0 | |a Crítica e interpretación |9 255042 | |
| 583 | |a last modification |c 20121002 10:49:37 |k Rodrigo Vera | ||
| 490 | 0 | |a Clásicos del pensamiento, 15 | |
| 999 | |c 221213 |d 221211 | ||
| 952 | |0 0 |1 0 |4 0 |6 187_000000000000000_QUE_1986 |7 0 |8 A |9 214287 |a BIBEDU |b BIBEDU |d 2019-11-15 |i 2829193 |o 187 QUE 1986 |p 2829193 |r 2019-11-15 |w 2019-11-15 |y BK |k FIL | ||